• 首页
  • 本馆介绍
  • 公告通知
  • 最新文献
  • 馆藏检索
  • 电子资源
  • 读者导购
  • 参考咨询
  • 我的图书馆
  • 登录
  • 详细信息显示
  • 放入我的书架
  • 预约/预借图书
  • 作者相关作品
  • 分类相关作品
  • 丛书相关作品
  • 出版社相关作品

书目信息

  • 表格格式
  • 工作单格式
  • 卡片格式
题名:
装饰画设计通关技巧
    
 
作者: 聂磊 , 万云青 编著
分册:  
出版信息: 武汉   湖北美术出版社  2012
页数: 94页
开本: 21×29cm
丛书名:
单 册:
中图分类: G634.955.3
科图分类:
主题词: 装饰美术--绘画技法--高考--升学参考资料 , 装饰美术 , 绘画技法
电子资源:
ISBN: 978-7-5394-5692-8
000 00952nam0 2200289 450
001 006430873
005 20130609083659.01
010    @a978-7-5394-5692-8@dCNY38.00
035    @a006430873
100    @a20130111d2012 em y0chiy0110 ea
101 0  @achi
102    @aCN@b420000
105    @aa z 000yy
106    @ar
200 1  @a装饰画设计通关技巧@9zhuang shi hua she ji tong guan ji qiao@f聂磊,万云青编著
210    @a武汉@c湖北美术出版社@d2012
215    @a94页@c图@d21×29cm
300    @a校考突击 金榜版
330    @a本书总结了几十个快速提高设计能力的通关技巧,多种备考与应试法则,讲解了装饰画的黑白表现技法、装饰画的色彩表现技法、装饰画的特殊表现技法等内容。
606 0  @a装饰美术@x绘画技法@x高考@j升学参考资料
606 0  @a装饰美术
606 0  @a绘画技法
690    @aG634.955.3@v5
701  0 @a聂磊@9nie lei@c(美术教师)@4编著
701  0 @a万云青@9wan yun qing@4编著
801  0 @aCN@bNLC@c20130129
905    @dG634.955.3@e1120
    
    装饰画设计通关技巧/聂磊,万云青编著.-武汉:湖北美术出版社,2012
    94页:图;21×29cm
    校考突击 金榜版
    
    ISBN 978-7-5394-5692-8:CNY38.00
    本书总结了几十个快速提高设计能力的通关技巧,多种备考与应试法则,讲解了装饰画的黑白表现技法、装饰画的色彩表现技法、装饰画的特殊表现技法等内容。
●
相关链接 在E读中查询图书 在五车中查询图书 在当当中查询图书 在豆瓣中查询图书


正题名:装饰画设计通关技巧     索取号:G634.955.3/1120         预约/预借

序号 登录号 条形码 馆藏地/架位号 状态 备注
1 0545791   205457913   第一样本阅览室/ [索取号:G634.955.3/1120] 在馆    
2 0545792   205457922   第四借阅区/ [索取号:G634.955.3/1120] 在馆    
3 0545793   205457931   第四借阅区/ [索取号:G634.955.3/1120] 在馆    
4 0545794   205457940   第四借阅区/ [索取号:G634.955.3/1120] 在馆    
5 0545795   205457959   第四借阅区/ [索取号:G634.955.3/1120] 在馆    
唐山师范学院图书馆 欢迎您!
大连网信软件有限公司© 版权所有